000 00670nam a2200229Ia 4500
003 OSt
005 20220924115412.0
006 a|||||r|||| 00| 0
007 ta
008 220923b |||||||| |||| 00| 0 hin d
024 _a55318
037 _cTextual
040 _aARTS
_cARTS
_bhin
041 _2hin
_ahin
082 _aP15,Cx1,1,6, 152M9.6
100 _aVaradrajacarya
_9178165
245 0 _aLaghu Siddhanta Kaumudi
_b Bhaimi Vyakhya tr into Hindi by Bhim Sen Sastri
260 _aDelhi
_bBhaimi Prakashan
_c1989
650 _aLINGUISTICS
942 _hP15,Cx1,1,6, 152M9.6
_cTEXL
_2CC
999 _c398223
_d398223